header

US politics today (Record no. 98072)

MARC details
000 -LEADER
fixed length control field 01439nam a2200373Ia 4500
082 04 - DEWEY DECIMAL CLASSIFICATION NUMBER
Classification number 320.973
100 1# - MAIN ENTRY--AUTHOR NAME
Personal name Ashbee, Edward.
245 10 - TITLE STATEMENT
Title US politics today
250 ## - EDITION STATEMENT
Edition statement 2nd ed.
260 ## - PUBLICATION, DISTRIBUTION, ETC. (IMPRINT)
Place of publication Manchester ;
-- New York :
Name of publisher Manchester University Press ;
Place of publication New York :
Name of publisher Distributed exclusively in the USA by Palgrave,
Year of publication 2004.
300 ## - PHYSICAL DESCRIPTION
Number of Pages xii, 314 p.
490 1# - SERIES STATEMENT
Series statement Politics today
650 #0 - SUBJECT ADDED ENTRY--TOPICAL TERM
Topical Term Public administration
856 40 - ELECTRONIC LOCATION AND ACCESS
Uniform Resource Identifier http://site.ebrary.com/lib/rucke/Doc?id=10096098

No items available.

© 2026 Rongo University
Contact us: librarian | system librarian | Rongo university